| 000 | 00671 a2200217 4500 | ||
|---|---|---|---|
| 003 | dpl | ||
| 005 | 20240726142816.0 | ||
| 008 | 240726b |||||||| |||| 00| 0 eng d | ||
| 010 | _aENG-141016 | ||
| 020 |
_a9789354793530 _c495.00 |
||
| 035 | _aEN-124548 | ||
| 037 | _bDBAD | ||
| 040 | _c0 | ||
| 082 | 1 | 4 |
_a659.2 _21 |
| 100 | 1 |
_968964 _aSood, Gaurav |
|
| 245 | 1 |
_aTroll Proof Branding in the Age of Doppelgangers/ _cby Gaurav Sood |
|
| 260 |
_aNew Delhi _bSage Publications _c2022 |
||
| 270 |
_aB1/11, Mohan Cooperative Industrial Area, Mathura Road _bNew Delhi _e110 044 |
||
| 300 |
_axvii,248p. _c22cm(pb) |
||
| 942 |
_adpl _cEN _2ddc _h659.2 _mSOO |
||
| 999 |
_c204517 _d204517 |
||